00466cam a22001931 4500001001300000003000400013005001700017008004100034010001700075040001800092050001800110100002800128245002500156260001200181300001900193500001300212500003000225999001700255sa 64002516 DLC20260227112010.0070612q19501959pk 000 0 urd  asa 64002516  aDLCcDLCdDLC00aPK2200.A7bF51 aAslam, Muhammad,d1885-10aFitnah-yi Tātār. c[195-?] a416 p.c18 cm. aIn Urdu. aText partially vocalized. c57346d57346